00916nas a2200229 i 45000010005000000030009000050050017000140070003000310080041000340800007000752450110000822600078001923000020002703100012002903620114003026500032004167000051004488520024004998660013005239990015005369520135005511691ES-MaACL20250927154754.0t|950801d18911900sp m| | 1 ||pa d a5103aEl Progreso matemático b: periódico de matemáticas puras y aplicadas / cdir. Zoel G. de Galdeano. aZaragoza : b[El Progreso matemático], c1891-1900? (fImp. C. Ariño) a3 v. ; c22 cm. aMensual0 aAño 1, n. 1 (20 en. 1891)-año 5, [n. 55] (2. semestre 1895); 2. serie, año 1, n. 1 (mayo 1899)- [1900?]17aMatemáticas2embne9148141 aGarcía de Galdeano, Zoel, d1846-1924954429 aES-MaACLjG-6709-11 0o1893-95. c1691d1691 001040708HemerotecaaATENEOMbATENEOMcDEPO2d2008-01-17eSCl0oG-6709-11p1001727r2023-02-23 00:00:00w2023-02-23yPERIODICA